| 000 | 00441nam a2200157 i 4500 | ||
|---|---|---|---|
| 001 | 74132 | ||
| 003 | ES-MaACL | ||
| 005 | 20230906172028.0 | ||
| 007 | t| | ||
| 008 | 040915s1958 sp ||||1| spa d | ||
| 100 | 1 |
_aGonzález, Tomás. _958384 |
|
| 245 | 1 | 0 |
_aAlgo queda en el camino _b: novela / _cTomás González. |
| 260 |
_aSanta Cruz de Tenerife : _bGoya, _c1958. |
||
| 300 |
_a203 p. ; _c20 cm. |
||
| 852 |
_aES-MaACL _jC-16198 _bR.43566 |
||
| 999 |
_c74132 _d74132 |
||